Business Communication Today / (Record no. 589162)

000 -LEADER
fixed length control field 00469nam a22001457a 4500
020 ## - INTERNATIONAL STANDARD BOOK NUMBER
International Standard Book Number 8178087790
082 ## - DEWEY DECIMAL CLASSIFICATION NUMBER
Classification number 658.45
Author Mark BOV
100 ## - MAIN ENTRY--PERSONAL NAME
Personal name Bovee, Courtland L. & Thill, John V. and Schatzman, Barbara E.
245 ## - TITLE STATEMENT
Title Business Communication Today /
Statement of responsibility, etc. Courtland L. Bovee, & John V. Thill and Barbara E. Schatzman
250 ## - EDITION STATEMENT
Edition statement 7th Rdition.
260 ## - PUBLICATION, DISTRIBUTION, ETC.
Place of publication, distribution, etc. New Delhi :
Name of publisher, distributor, etc. Pearson Education,
Date of publication, distribution, etc. 2003.
300 ## - PHYSICAL DESCRIPTION
Extent 606p. ;
Dimensions 25 cm.
563 ## - BINDING INFORMATION
Binding note PBK.
942 ## - ADDED ENTRY ELEMENTS (KOHA)
Source of classification or shelving scheme
Koha item type Book
Holdings
Withdrawn status Lost status Source of classification or shelving scheme Damaged status Not for loan Permanent Location Current Location Shelving location Date acquired Source of acquisition Total Checkouts Full call number Barcode Date last seen Price effective from Koha item type
          Central Library (CL) Central Library (CL) Management Sciences 04/14/2022 Donation   658.45 BOV CL-D-1639 04/14/2022 04/14/2022 Book
© 2023 Central Library, National University of Sciences and Technology. All Rights Reserved.